00421 2200181 4500245003400000020002200034250001100056100001800067700001000085700000900095650001000104005001900114260004100133041001400174084001000188300003200198336000900230 aFruits 1cJung, Kim EuyhText a978-979-27-6709-4 aCet. 1 aJung, Kim Euy aBagus aRima aKomik a20230414095532 aJakartabElex Media Komputindoc2010 aIndonesia a741.5 a... jil. :bilus. ;c17 cm. atext